• 首页
  • 本馆介绍
  • 公告通知
  • 最新文献
  • 馆藏检索
  • 电子资源
  • 读者导购
  • 参考咨询
  • 我的图书馆
  • 登录
  • 详细信息显示
  • 放入我的书架
  • 预约/预借图书
  • 作者相关作品
  • 分类相关作品
  • 丛书相关作品
  • 出版社相关作品

书目信息

  • 表格格式
  • 工作单格式
  • 卡片格式
题名:
劳动经济学
    
 
作者: 何承金 主编
分册:  
出版信息: 大连   东北财经大学出版社  2016.08
页数: 335页
开本: 24cm
丛书名:
单 册:
中图分类: F240
科图分类:
主题词: 劳动经济学--高等学校--教材
电子资源:
ISBN: 978-7-5654-2397-0
000 01015nam0 2200277 450
001 0120161992684
005 20170911100720.20
010    @a978-7-5654-2397-0@dCNY36.00
100    @a20160831d2016 em y0chiy50 ea
101 0  @achi
102    @aCN@b210000
105    @aak z 000yy
106    @ar
200 1  @a劳动经济学@9lao dong jing ji xue@dLabour economics@f何承金主编@zeng
205    @a5版
210    @a大连@c东北财经大学出版社@d2016.08
215    @a335页@c图@d24cm
300    @a21世纪高等院校人力资源管理专业教材新系
330    @a本书将经济学、管理学、社会学、组织行为学、法学等学科的理论知识和方法贯穿其中,始终围绕劳动经济的理论与实践,以科学发展观为指导,从劳动经济与劳动管理两个层面,突出在宏观与微观领域内劳动经济与劳动管理的发展新动向、新趋势。
333    @a高校相关专业师生
510 1  @aLabour economics@zeng
606 0  @a劳动经济学@x高等学校@j教材
690    @aF240@v5
701  0 @a何承金@9he cheng jin@4主编
801  0 @aCN@b人天书店@c20160831
905    @b1070270-75@dF240@e142=5@f6
    
    劳动经济学=Labour economics/何承金主编.-5版.-大连:东北财经大学出版社,2016.08
    335页:图;24cm
    21世纪高等院校人力资源管理专业教材新系.-使用对象:高校相关专业师生
    
    ISBN 978-7-5654-2397-0:CNY36.00
    本书将经济学、管理学、社会学、组织行为学、法学等学科的理论知识和方法贯穿其中,始终围绕劳动经济的理论与实践,以科学发展观为指导,从劳动经济与劳动管理两个层面,突出在宏观与微观领域内劳动经济与劳动管理的发展新动向、新趋势。
●
相关链接 在E读中查询图书 在五车中查询图书 在当当中查询图书 在豆瓣中查询图书


正题名:劳动经济学     索取号:F240/142=5         预约/预借

序号 登录号 条形码 馆藏地/架位号 状态 备注
1 1070270   210702701   第一样本阅览室/ [索取号:F240/142=5] 在馆    
2 1070271   210702710   密集书库-海洋学院/ [索取号:F240/142=5] 在馆    
3 1070272   210702729   第一借阅区/ [索取号:F240/142=5] 在馆    
4 1070273   210702738   第一借阅区/ [索取号:F240/142=5] 在馆    
5 1070274   210702747   第一借阅区/ [索取号:F240/142=5] 在馆    
6 1070275   210702756   第一借阅区/ [索取号:F240/142=5] 在馆    
唐山师范学院图书馆 欢迎您!
大连网信软件有限公司© 版权所有